Enciclopedia Comercial. Comprende una serie de autorizadas publicaciones sobre los mercados mundiales actuales y futuros

محفوظ في:
التفاصيل البيبلوغرافية
المؤلف الرئيسي: Cameron, W. H. Morton (editor y compilador)
التنسيق: كتاب
اللغة:الإسبانية
البرتغالية
منشور في: Birmingham Percival Jones Limited 1924
الطبعة:2a. ed
الموضوعات:
الوسوم: إضافة وسم
لا توجد وسوم, كن أول من يضع وسما على هذه التسجيلة!

MARC

LEADER 00000nam a2200000 a 4500
001 UCJ8455
003 CL-VaPUC
008 070124e19240000UK |||||||||||||||||spa|d
041 0 7 |a spa  |2 CL-VaPUC 
041 0 7 |a por  |2 CL-VaPUC 
082 0 4 |a 918  |b MOR  |2 21 
100 |a Cameron, W. H. Morton   |e editor y compilador  |9 517212 
245 1 0 |a Enciclopedia Comercial. Comprende una serie de autorizadas publicaciones sobre los mercados mundiales actuales y futuros 
246 1 0 |a Compilada y publicada por secciones 
246 1 0 |a Unico Organo Oficial Anual o Bienal, de la British and Latin American Chamber of Commerce 
250 |a 2a. ed 
300 |a 1140 p 
942 |c BK 
945 |d 20070124 00:00:00  |a rinostro 
260 |a Birmingham  |b Percival Jones Limited  |c 1924 
500 |a Copiosamente ilustrado con fotografías de la época 
650 0 |a Geografía  |9 259346 
650 0 |a Economía   |9 255568 
650 7 |a INDUSTRIA  |2 CL-VaPUC  |9 315110 
650 0 |a Comercio  |9 255341 
650 0 |a Agricultura  |9 255598 
650 0 |a Ganadería  |9 264177 
650 0 |a Recursos naturales  |9 255232 
650 0 |a Historia  |9 255047 
650 0 |a Ilustraciones  |9 369481 
650 0 |a Iconografía   |9 267998 
651 0 |a Argentina  |9 254888 
651 0 |a Brasil  |9 267393 
651 0 |a Uruguay  |9 255194 
651 0 |a Bolivia  |9 255454 
651 7 |a CHILE  |2 CL-VaPUC  |9 517213 
651 0 |a Perú  |9 256567 
651 7 |a CUBA  |2 CL-VaPUC  |9 255263 
583 |a last modification  |c 20070124 00:00:00  |k Rodrigo Vera 
999 |c 324167  |d 324165 
952 |0 0  |1 0  |4 0  |6 918_000000000000000_MOR_1924  |7 0  |8 X  |9 404111  |a FDOBUD  |b FDOBUD  |d 2019-11-22  |i 1078151  |o 918 MOR 1924  |p 1078151  |r 2019-11-22  |w 2019-11-22  |y BK_X  |k BUD